Židovské kořeny křesťanské anafory / František Kunetka ; [úvod Ladislav Tichý]
Record details
- ISBN: 80-7067-398-2
- Physical Description: 107 s. ; 28 cm
- Edition: 1. vyd.
- Publisher: V Olomouci : Univerzita Palackého, 1994
Content descriptions
| General Note: | 500 výt. Poznámky Zkratky |
| Bibliography, etc. Note: | Obsahuje bibliografii a bibliografické odkazy |
| Language Note: | Anglický, německý a francouzský souhrn |
Search for related items by subject
| Subject: | židovská liturgie křesťanská liturgie židovské modlitby křesťanské modlitby srovnávací religionistika židovské zvyky |
| Genre: | studie |
Search for related items by series
Available copies
- 1 of 1 copy available at Common Catalog SPOK.
Holds
- 0 current holds with 1 total copy.
Show All Copies
| Location | Call Number / Copy Notes | Barcode | Shelving Location | Status | Due Date |
|---|---|---|---|---|---|
| Jabok Library | RE-4.4.2 | 424480000690 | Odborná literatura | Available | - |
| LDR | 02340cam a2200673 4500 | ||
|---|---|---|---|
| 001 | 15878 | ||
| 003 | CZ-PrJAB | ||
| 005 | 20200129102140.0 | ||
| 007 | ta | ||
| 008 | 950223s1994 xr f 000 0 cze d | ||
| 015 | . | ‡acnb000088740 | |
| 020 | . | ‡a80-7067-398-2 ‡q(brož.) | |
| 035 | . | ‡a(CZ PrSKC)0264079 | |
| 035 | . | ‡a(OCoLC)39593133 | |
| 040 | . | ‡aABA001 ‡bcze | |
| 041 | 0 | . | ‡acze ‡beng ‡bger ‡bfre |
| 072 | 7. | ‡a26 ‡xJudaismus ‡2Konspekt ‡95 | |
| 080 | . | ‡a27-528 ‡2MRF | |
| 080 | . | ‡a27-534.35 ‡2MRF | |
| 080 | . | ‡a2-65 ‡2MRF | |
| 080 | . | ‡a26-528 ‡2MRF | |
| 080 | . | ‡a26-562/-565 ‡2MRF | |
| 080 | . | ‡a39(=411.16) ‡2MRF | |
| 080 | . | ‡a26-534.35 ‡2MRF | |
| 080 | . | ‡a(048.8) ‡2MRF | |
| 100 | 1 | . | ‡aKunetka, František, ‡d1945- ‡7jn19990218059 ‡4aut |
| 245 | 1 | 0. | ‡aŽidovské kořeny křesťanské anafory / ‡cFrantišek Kunetka ; [úvod Ladislav Tichý] |
| 250 | . | ‡a1. vyd. | |
| 260 | . | ‡aV Olomouci : ‡bUniverzita Palackého, ‡c1994 | |
| 300 | . | ‡a107 s. ; ‡c28 cm | |
| 490 | 1 | . | ‡aActa Universitatis Palackianae Olomucensis. Facultas theologiae. Theologica Olomucensia ; ‡vVol. 1 |
| 500 | . | ‡a500 výt. | |
| 500 | . | ‡aPoznámky | |
| 500 | . | ‡aZkratky | |
| 504 | . | ‡aObsahuje bibliografii a bibliografické odkazy | |
| 546 | . | ‡aAnglický, německý a francouzský souhrn | |
| 650 | 0 | 7. | ‡ažidovská liturgie ‡7ph127991 ‡2czenas |
| 650 | 0 | 7. | ‡akřesťanská liturgie ‡7ph135474 ‡2czenas |
| 650 | 0 | 7. | ‡ažidovské modlitby ‡7ph128001 ‡2czenas |
| 650 | 0 | 7. | ‡akřesťanské modlitby ‡7ph115068 ‡2czenas |
| 650 | 0 | 7. | ‡asrovnávací religionistika ‡7ph126013 ‡2czenas |
| 650 | 0 | 7. | ‡ažidovské zvyky ‡7ph122616 ‡2czenas |
| 655 | 7. | ‡astudie ‡7fd133597 ‡2czenas | |
| 700 | 1 | . | ‡aTichý, Ladislav, ‡d1948- ‡7jn20000402356 ‡4aui |
| 830 | 0. | ‡aActa Universitatis Palackianae Olomucensis. ‡pTheologica Olomucensia ; ‡v1 | |
| 910 | . | ‡aABG312 | |
| 995 | . | ‡aska | |
| 901 | . | ‡a15878 ‡bCZ-PrJAB ‡c15878 ‡tbiblio | |